[Event "Valencia Cuna op 4th"]
[Site "Valencia"]
[Date "2023.07.08"]
[Round "1"]
[White "Yastrebova, Tatiana"]
[Black "Brunello, Sabino"]
[Result "0-1"]
[WhiteElo "1852"]
[BlackElo "2505"]
[PlyCount "72"]
[EventDate "2023.07.08"]
[EventType "swiss"]
[EventRounds "9"]
[EventCountry "ESP"]
[SourceTitle "CBM 215 Extra"]
[Source "ChessBase"]
[SourceDate "2023.09.30"]
[SourceVersion "1"]
[SourceVersionDate "2023.09.30"]
[SourceQuality "1"]

1. d4 Nf6 2. c4 e6 3. Nc3 d5 4. cxd5 exd5 5. Bg5 c6 6. e3 h6 7. Bh4 Be7 8. Bd3 0-0 9. Qc2 a5 10. Nge2 Re8 11. 0-0 Nbd7 12. f3 Nf8 13. Rae1 Ne6 14. Qd2 Ne4 15. fxe4 Bxh4 16. g3 dxe4 17. Nxe4 Be7 18. N2c3 b5 19. Qf2 Rf8 20. Rd1 Nc7 21. Nd2 Bh3 22. Rfe1 Ne8 23. Nf3 Bd6 24. e4 Bc7 25. e5 Bb6 26. Be4 Rc8 27. Qd2 f5 28. Bc2 g5 29. Bb3+ Kh7 30. e6 Rc7 31. Ne5 a4 32. Nd7 Rxd7 33. exd7 Ng7 34. Bc2 Qxd7 35. Ne2 Qd5 36. Nc1 Bxd4+ 0-1

[Event "Catalunya-chT Gp2"]
[Site "Barcelona"]
[Date "2015.01.24"]
[Round "1.4"]
[White "Yastrebova, Tatiana"]
[Black "Del Amo Carbo, Jordi"]
[Result "1/2-1/2"]
[WhiteElo "1967"]
[BlackElo "2109"]
[PlyCount "53"]
[EventDate "2015.01.24"]
[EventType "team-tourn"]
[EventRounds "7"]
[EventCountry "ESP"]
[SourceTitle "CBM 164 Extra"]
[Source "ChessBase"]
[SourceDate "2015.03.02"]
[SourceVersion "1"]
[SourceVersionDate "2015.03.02"]
[SourceQuality "1"]
[WhiteTeam "Barcelona Escola Escacs"]
[BlackTeam "Terrassa"]
[WhiteTeamCountry "ESP"]
[BlackTeamCountry "ESP"]

1. b3 Nf6 2. Bb2 e6 3. e3 d5 4. f4 Be7 5. Nf3 b6 6. Be2 Bb7 7. 0-0 0-0 8. Ne5 c5 9. d3 Nc6 10. Nxc6 Bxc6 11. Nd2 Nd7 12. Nf3 Qc7 13. Ne5 Bb7 14. Bf3 f6 15. Nxd7 Qxd7 16. Qe2 Rae8 17. Rae1 Bd8 18. e4 d4 19. e5 Bxf3 20. Rxf3 fxe5 21. Qxe5 Bc7 22. Qe4 Rf6 23. Bc1 Ref8 24. Ref1 Rf5 25. Bd2 Qd6 26. Re1 R5f6 27. Re2 1/2-1/2

[Event "Sitges op 36th"]
[Site "Sitges"]
[Date "2010.07.22"]
[Round "1"]
[White "Yastrebova, Tatiana"]
[Black "Peralta, Fernando"]
[Result "0-1"]
[WhiteElo "2004"]
[BlackElo "2570"]
[PlyCount "54"]
[EventDate "2010.07.22"]
[EventType "swiss"]
[EventRounds "9"]
[EventCountry "ESP"]
[SourceTitle "CBM 137 Extra"]
[Source "ChessBase"]
[SourceDate "2010.09.01"]
[SourceVersion "1"]
[SourceVersionDate "2010.09.01"]
[SourceQuality "1"]

1. d4 d5 2. c4 e6 3. Nc3 Bb4 4. e3 Nf6 5. Nge2 dxc4 6. a3 Ba5 7. Nf4 e5 8. Qa4+ c6 9. dxe5 b5 10. Qc2 Ng4 11. Be2 Nxe5 12. 0-0 0-0 13. a4 b4 14. Nb1 Ba6 15. Nd2 b3 16. Qf5 Qe7 17. Nf3 Nbd7 18. Nd4 Bb7 19. Rd1 g6 20. Qh3 Nf6 21. Bd2 Bxd2 22. Rxd2 c5 23. Nb5 Ne4 24. Rdd1 a6 25. Nc3 Nxc3 26. bxc3 Rfd8 27. Qg3 Be4 0-1

[Event "Figueres op 10th"]
[Site "Figueres"]
[Date "2009.08.08"]
[Round "9"]
[White "Yastrebova, Tatiana"]
[Black "Diaz Comas, Jordi"]
[Result "1/2-1/2"]
[WhiteElo "2031"]
[BlackElo "1941"]
[PlyCount "27"]
[EventDate "2009.08.01"]
[EventType "swiss"]
[EventRounds "9"]
[EventCountry "ESP"]
[SourceTitle "EXT 2010"]
[Source "ChessBase"]
[SourceDate "2010.11.25"]
[SourceVersion "1"]
[SourceVersionDate "2010.11.25"]
[SourceQuality "1"]

1. d4 Nf6 2. c4 c5 3. d5 b5 4. Qc2 g6 5. e4 bxc4 6. Bxc4 d6 7. Nf3 Nbd7 8. 0-0 Bg7 9. Nc3 0-0 10. Re1 Nb6 11. Be2 Nfd7 12. Be3 a5 13. Rad1 Ba6 14. Bxa6 1/2-1/2

[Event "El Sauzal op 9th"]
[Site "El Sauzal"]
[Date "2008.11.01"]
[Round "2"]
[White "Yastrebova, Tatiana"]
[Black "Epishin, Vladimir"]
[Result "0-1"]
[WhiteElo "2010"]
[BlackElo "2581"]
[PlyCount "31"]
[EventDate "2008.11.01"]
[EventType "swiss (rapid)"]
[EventRounds "9"]
[EventCountry "ESP"]
[SourceTitle "CBM 127 Extra"]
[Source "ChessBase"]
[SourceDate "2009.01.08"]
[SourceVersion "2"]
[SourceVersionDate "2009.01.28"]
[SourceQuality "1"]

1. d4 d5 2. c4 e6 3. Nc3 a6 4. e4 dxe4 5. Nxe4 Bb4+ 6. Nc3 Nf6 7. Nf3 c5 8. a3 Ba5 9. dxc5 Bxc3+ 10. bxc3 Qa5 11. Be2 0-0 12. 0-0 Qxc5 13. Be3 Qc7 14. Qc2 e5 15. Rad1 Be6 16. Rd2 0-1

[Event "El Sauzal op 8th"]
[Site "El Sauzal"]
[Date "2007.11.03"]
[Round "2"]
[White "Lopez Martinez, Josep Manuel"]
[Black "Yastrebova, Tatiana"]
[Result "1-0"]
[WhiteElo "2563"]
[BlackElo "2037"]
[PlyCount "57"]
[EventDate "2007.11.03"]
[EventType "swiss (rapid)"]
[EventRounds "9"]
[EventCountry "ESP"]
[SourceTitle "CBM 121 Extra"]
[Source "ChessBase"]
[SourceDate "2008.01.10"]
[SourceVersion "1"]
[SourceVersionDate "2008.01.10"]
[SourceQuality "1"]

1. Nf3 Nf6 2. c4 e6 3. d4 d5 4. g3 c6 5. Bg2 Nbd7 6. Qc2 Bd6 7. 0-0 0-0 8. Rd1 Qe7 9. Nc3 dxc4 10. Nd2 e5 11. Nxc4 Bc7 12. b3 exd4 13. Rxd4 Nb6 14. Ba3 c5 15. Rd2 Nxc4 16. bxc4 Ba5 17. Rdd1 Bxc3 18. Qxc3 Bf5 19. Re1 Rad8 20. e4 Bc8 21. e5 Nd7 22. Qa5 b6 23. Qxa7 Rfe8 24. Rad1 Qe6 25. Qc7 Qxc4 26. Bd5 Qc3 27. Bc1 Rf8 28. e6 Nf6 29. e7 1-0

[Event "El Sauzal op 8th"]
[Site "El Sauzal"]
[Date "2007.11.03"]
[Round "5"]
[White "Yastrebova, Tatiana"]
[Black "Mendivil Anton, Daniel"]
[Result "0-1"]
[WhiteElo "2037"]
[BlackElo "2271"]
[PlyCount "39"]
[EventDate "2007.11.03"]
[EventType "swiss (rapid)"]
[EventRounds "9"]
[EventCountry "ESP"]
[SourceTitle "CBM 121 Extra"]
[Source "ChessBase"]
[SourceDate "2008.01.10"]
[SourceVersion "1"]
[SourceVersionDate "2008.01.10"]
[SourceQuality "1"]

1. d4 f5 2. Nc3 d5 3. Bf4 Nf6 4. e3 e6 5. Nf3 c6 6. Bd3 Nbd7 7. 0-0 Be7 8. Ne2 Ne4 9. c4 g5 10. Be5 0-0 11. Rc1 g4 12. Nd2 Nxe5 13. dxe5 Qc7 14. f4 Qb6 15. Nd4 Qxb2 16. Bxe4 dxe4 17. Rf2 Qb6 18. N2b3 c5 19. Nb5 a6 20. Nc3 0-1

[Event "Illes Medes op 1st"]
[Site "Illes Medes"]
[Date "2007.01.02"]
[Round "7"]
[White "Bartel, Marta"]
[Black "Yastrebova, Tatiana"]
[Result "1-0"]
[WhiteElo "2299"]
[BlackElo "2099"]
[PlyCount "71"]
[EventDate "2006.12.28"]
[EventType "swiss"]
[EventRounds "9"]
[EventCountry "ESP"]
[SourceTitle "CBM 116 Extra"]
[Source "ChessBase"]
[SourceDate "2007.03.07"]
[SourceVersion "1"]
[SourceVersionDate "2007.03.07"]
[SourceQuality "1"]

1. e4 d6 2. d4 Nf6 3. Nc3 g6 4. Bg5 Bg7 5. Qd2 c6 6. f4 h6 7. Bh4 0-0 8. Nf3 b5 9. Bd3 Nbd7 10. 0-0 a6 11. e5 Ne8 12. Qe2 dxe5 13. fxe5 Nc7 14. Be4 Bb7 15. Rad1 Nb6 16. a4 Qd7 17. a5 Nbd5 18. Nxd5 cxd5 19. Bd3 Ne6 20. Qe3 Bc6 21. Be1 Qa7 22. Bb4 Rae8 23. c3 Bd7 24. Nh4 Qc7 25. Qg3 Ng5 26. Rde1 Be6 27. Re2 Qd7 28. h3 Qc6 29. Nf3 Ne4 30. Bxe4 dxe4 31. Nd2 Bd5 32. Rfe1 Qd7 33. Nxe4 Bxe4 34. Rxe4 Rc8 35. e6 fxe6 36. Rxe6 1-0

[Event "Andorra op 24th"]
[Site "Andorra"]
[Date "2006.07.12"]
[Round "5"]
[White "Roktim, Bandyopadhyay"]
[Black "Yastrebova, Tatiana"]
[Result "1-0"]
[WhiteElo "2365"]
[BlackElo "2056"]
[PlyCount "99"]
[EventDate "2006.07.08"]
[EventType "swiss"]
[EventRounds "9"]
[EventCountry "AND"]
[SourceTitle "EXT 2022"]
[Source "ChessBase"]
[SourceDate "2021.10.06"]
[SourceVersion "1"]
[SourceVersionDate "2021.10.06"]
[SourceQuality "1"]

1. d4 d5 2. c4 e6 3. Nf3 c6 4. Qc2 f5 5. Bf4 Nf6 6. e3 Bd6 7. Bd3 Bxf4 8. exf4 0-0 9. 0-0 Ne4 10. Nbd2 Nd7 11. Rfe1 Ndf6 12. Nb3 Bd7 13. c5 Be8 14. Ne5 Nd7 15. f3 Nef6 16. Qd2 h6 17. Na5 Qc8 18. b4 Nxe5 19. Rxe5 a6 20. a4 Bf7 21. b5 axb5 22. axb5 Nd7 23. Ree1 cxb5 24. Bxb5 Nb8 25. Qb4 Qc7 26. g3 b6 27. Nb3 Rxa1 28. Rxa1 bxc5 29. Qxc5 Rc8 30. Qxc7 Rxc7 31. Nc5 Kh7 32. Ra8 Rc8 33. Kf2 Rf8 34. Ra7 Kg6 35. Nd3 Be8 36. Ne5+ Kh7 37. Bxe8 Rxe8 38. g4 Rc8 39. gxf5 exf5 40. Rf7 Nc6 41. Nxc6 Rxc6 42. Rxf5 Rd6 43. Re5 Kg6 44. Kg3 Rd8 45. f5+ Kf6 46. Kg4 Rd6 47. Kf4 Kf7 48. Re2 Kf6 49. h3 Rd8 50. Rg2 1-0

[Event "Salou op 08th"]
[Site "Salou"]
[Date "2006.06.11"]
[Round "5"]
[White "Hutchinson, Paul A"]
[Black "Yastrebova, Tatiana"]
[Result "1/2-1/2"]
[WhiteElo "2178"]
[BlackElo "2056"]
[PlyCount "95"]
[EventDate "2006.06.07"]
[EventType "swiss"]
[EventRounds "9"]
[EventCountry "ESP"]
[SourceTitle "CBM 112 Extra"]
[Source "ChessBase"]
[SourceDate "2006.07.14"]
[SourceVersion "1"]
[SourceVersionDate "2006.07.14"]
[SourceQuality "1"]

1. e4 d6 2. d4 Nf6 3. Nc3 g6 4. Be3 c6 5. Qd2 b5 6. 0-0-0 Nbd7 7. f3 Nb6 8. g4 h5 9. g5 Nfd7 10. d5 Ne5 11. dxc6 Nbc4 12. Bxc4 Nxc4 13. Qd4 Nxe3 14. Qxe3 Bg7 15. Nge2 0-0 16. Nd5 Re8 17. Nd4 Qa5 18. a3 Be6 19. b4 Qd8 20. Nxb5 Bxd5 21. exd5 a5 22. bxa5 Qxa5 23. c4 Qa4 24. Qd3 Be5 25. Kb1 Reb8 26. Ka2 Qb4 27. Rb1 Qc5 28. Rhc1 Bxh2 29. Nc7 Rxb1 30. Rxb1 Rc8 31. Nb5 Be5 32. Rf1 Ra8 33. f4 Bg7 34. Qb3 e6 35. dxe6 Qxc6 36. exf7+ Kh7 37. Qc2 d5 38. f5 dxc4 39. fxg6+ Qxg6 40. Qxg6+ Kxg6 41. Nd6 c3 42. Ne8 Bf8 43. Kb3 Rxa3+ 44. Kc2 Ra7 45. Kxc3 Rxf7 46. Rxf7 Kxf7 47. Nf6 Kg6 48. Nxh5 1/2-1/2

[Event "Salou op 08th"]
[Site "Salou"]
[Date "2006.06.09"]
[Round "3"]
[White "Capo Vidal, Uriel"]
[Black "Yastrebova, Tatiana"]
[Result "1-0"]
[WhiteElo "2357"]
[BlackElo "2056"]
[PlyCount "43"]
[EventDate "2006.06.07"]
[EventType "swiss"]
[EventRounds "9"]
[EventCountry "ESP"]
[SourceTitle "CBM 112 Extra"]
[Source "ChessBase"]
[SourceDate "2006.07.14"]
[SourceVersion "1"]
[SourceVersionDate "2006.07.14"]
[SourceQuality "1"]

1. d4 Nf6 2. c4 e6 3. Nf3 d5 4. Nc3 c6 5. Bg5 Be7 6. e3 0-0 7. cxd5 exd5 8. Bd3 Nbd7 9. Qc2 Re8 10. 0-0 Nf8 11. h3 Ne4 12. Bf4 Nxc3 13. bxc3 Bd6 14. Bxd6 Qxd6 15. Rab1 b6 16. c4 dxc4 17. Bxc4 Be6 18. Bd3 Rac8 19. Rbc1 c5 20. Ba6 Rc7 21. Rfd1 Qe7 22. d5 1-0

[Event "Sitges op 31st"]
[Site "Sitges"]
[Date "2005.07.??"]
[Round "2"]
[White "Barrientos Chavarriaga, Sergio E"]
[Black "Yastrebova, Tatiana"]
[Result "1-0"]
[WhiteElo "2433"]
[BlackElo "2082"]
[PlyCount "65"]
[EventDate "2005.07.??"]
[EventType "swiss"]
[EventRounds "9"]
[EventCountry "ESP"]
[SourceTitle "EXT 2006"]
[Source "ChessBase"]
[SourceDate "2005.11.24"]
[SourceVersion "1"]
[SourceVersionDate "2005.11.24"]
[SourceQuality "1"]

1. e4 d6 2. d4 Nf6 3. Nc3 g6 4. g3 Bg7 5. Bg2 0-0 6. Nge2 c6 7. 0-0 Qc7 8. h3 Nbd7 9. a4 e5 10. g4 b6 11. d5 Rd8 12. g5 Nh5 13. dxc6 Qxc6 14. Nd5 Bf8 15. Ng3 Ng7 16. f4 Ba6 17. Rf2 Bc4 18. f5 Bxd5 19. exd5 Qc7 20. h4 Rac8 21. f6 Ne8 22. Bf1 Qc5 23. h5 Qb4 24. hxg6 hxg6 25. c4 a6 26. Ne4 Nc5 27. Bd2 Qb3 28. Nxc5 Qxd1 29. Rxd1 dxc5 30. Bc3 Bd6 31. Re1 Nc7 32. Re4 b5 33. Rh2 1-0

[Event "Mataro-C"]
[Site "Mataro"]
[Date "2004.12.30"]
[Round "5"]
[White "Cortes, C."]
[Black "Yastrebova, Tatiana"]
[Result "1-0"]
[WhiteElo "2112"]
[BlackElo "2109"]
[PlyCount "69"]
[EventDate "2004.12.??"]
[EventType "tourn"]
[EventRounds "9"]
[EventCountry "ESP"]
[SourceTitle "EXT 2006"]
[Source "ChessBase"]
[SourceDate "2005.11.24"]
[SourceVersion "1"]
[SourceVersionDate "2005.11.24"]
[SourceQuality "1"]

1. d4 Nf6 2. c4 e6 3. Nc3 d5 4. cxd5 exd5 5. Bg5 Nbd7 6. e3 c6 7. Bd3 Be7 8. Qc2 0-0 9. Nge2 Re8 10. f3 Nf8 11. 0-0 g6 12. Rad1 Ne6 13. Bh4 Nh5 14. Bf2 Neg7 15. e4 dxe4 16. fxe4 Bg4 17. Bc4 Rf8 18. Be3 Bg5 19. Qd2 Bxe3+ 20. Qxe3 b5 21. Bb3 b4 22. h3 Bxe2 23. Nxe2 Qe7 24. Qf3 Ne6 25. e5 Rac8 26. Qe3 Nhg7 27. Ng3 Nc7 28. Ne4 Nce8 29. Qh6 Ne6 30. Rf6 Rd8 31. Rdf1 Rd5 32. Bxd5 cxd5 33. Ng5 Nxg5 34. Qxg5 Ng7 35. Rxg6 1-0

[Event "Vila de Poblenou op"]
[Site "Barcelona"]
[Date "2001.08.17"]
[Round "2.9"]
[White "Munoz Pantoja, Miguel Angel"]
[Black "Yastrebova, Tatiana"]
[Result "1-0"]
[WhiteElo "2313"]
[BlackElo "2225"]
[PlyCount "75"]
[EventDate "2001.08.16"]
[EventType "swiss"]
[EventRounds "9"]
[EventCountry "ESP"]
[SourceTitle "EXT 2002"]
[Source "ChessBase"]
[SourceDate "2001.11.25"]
[SourceVersion "1"]
[SourceVersionDate "2001.11.25"]
[SourceQuality "1"]

1. e4 c5 2. Nf3 e6 3. c4 Nc6 4. Nc3 d6 5. d4 cxd4 6. Nxd4 Nf6 7. Nc2 Be7 8. Be2 0-0 9. 0-0 a6 10. b3 Qc7 11. Bb2 Bd7 12. g4 h6 13. Ne3 Na7 14. Rc1 Rac8 15. Bf3 Qb8 16. Bg2 b5 17. Qd2 bxc4 18. Nxc4 Rfd8 19. Qe2 Nb5 20. Na4 e5 21. h3 Be6 22. Na5 Bd7 23. Nc4 Be6 24. Ncb6 Rxc1 25. Rxc1 Nd7 26. Rc6 Qb7 27. Nd5 Bg5 28. Qc2 Bxd5 29. exd5 Nf6 30. Nb6 Bf4 31. Nc4 h5 32. a4 Nd4 33. Bxd4 exd4 34. Qf5 Be5 35. f4 Qxb3 36. fxe5 dxe5 37. g5 Qd1+ 38. Kh2 1-0